00583nam a2200193Ia 4500008004100000050001300041050001500054100002400069245009200093245002300185260003100208260001000239260001000249300001500259300002000274300001100294500005600305521002800361160517s9999 xx 000 0 und d aHD 58.7  b.N638 2016 aNicolas, Erikka G.  aAttitude and perception towards organizational change of bloomfield academy employees / cErikka G. Nicolas. aLas Piñas, Philippines : bSISC, c2016. a52 pages : billustrations ; c28 cm. aIncludes bibliographical references and appendices. aBusiness Administration